[Event "Mercosur Cup"]
[Site "Vicente Lopez"]
[Date "2005.07.19"]
[Round "6"]
[White "Mieles Palau, Daniel"]
[Black "Rodriguez Vila, Andres"]
[Result "1/2-1/2"]
[WhiteElo "2476"]
[BlackElo "2523"]
[PlyCount "63"]
[EventDate "2005.07.14"]
[EventType "tourn"]
[EventRounds "11"]
[EventCountry "ARG"]
[EventCategory "8"]
[SourceTitle "CBM 107 Extra"]
[Source "ChessBase"]
[SourceDate "2005.09.01"]
[SourceVersion "1"]
[SourceVersionDate "2005.09.01"]
[SourceQuality "1"]

1. e4 d5 2. exd5 Qxd5 3. Nc3 Qa5 4. d4 Nf6 5. Nf3 Bg4 6. h3 Bh5 7. g4 Bg6 8.
Ne5 e6 9. Bg2 c6 10. O-O Bb4 11. Ne2 Nbd7 12. c3 Be7 13. Nxd7 Nxd7 14. Nf4 Qc7
15. Qe2 Bd6 16. Nxg6 hxg6 17. c4 Kf8 18. f4 Re8 19. Be3 Nf6 20. Qf3 Qa5 21. a3
Qa4 22. Rac1 Bc7 23. Rf2 Kg8 24. Rd2 Rd8 25. Qf2 Qa6 26. Qf3 Qa4 27. Qd1 Qxd1+
28. Rdxd1 Bb6 29. Kf2 Rd7 30. b4 Kh7 31. Rd2 Rhd8 32. Rcd1 1/2-1/2

[Event "Mercosur Cup"]
[Site "Vicente Lopez"]
[Date "2005.07.22"]
[Round "8"]
[White "Scarella, Enrique Alejandro"]
[Black "Rodriguez Vila, Andres"]
[Result "1/2-1/2"]
[WhiteElo "2367"]
[BlackElo "2523"]
[PlyCount "81"]
[EventDate "2005.07.14"]
[EventType "tourn"]
[EventRounds "11"]
[EventCountry "ARG"]
[EventCategory "8"]
[SourceTitle "CBM 107 Extra"]
[Source "ChessBase"]
[SourceDate "2005.09.01"]
[SourceVersion "1"]
[SourceVersionDate "2005.09.01"]
[SourceQuality "1"]

1. e4 e6 2. d4 d5 3. exd5 exd5 4. Nf3 Bg4 5. Qe2+ Ne7 6. h3 Bh5 7. Nc3 Nbc6 8.
Be3 f6 9. O-O-O Qd7 10. Bf4 g5 11. Bh2 Bg6 12. g4 h5 13. Bg2 Nb4 14. Ne1 c6 15.
a3 Na6 16. Nd3 Bxd3 17. Rxd3 hxg4 18. hxg4 O-O-O 19. Bg3 Rxh1+ 20. Bxh1 Nc7 21.
Na4 Ng6 22. Qd2 Bd6 23. Bf3 Nf4 24. Rb3 Nce6 25. Kb1 Qc7 26. Rc3 b5 27. Nc5
Nxc5 28. dxc5 Be5 29. Bxf4 Bxc3 30. Bxc7 Bxd2 31. Bxd8 Kxd8 32. c3 Be1 33. Kc2
Bxf2 34. b4 Ke7 35. Be2 f5 36. gxf5 Kf6 37. Bg4 Be3 38. Bh3 Bf4 39. Kb3 Bc7 40.
a4 bxa4+ 41. Kxa4 1/2-1/2

[Event "Mercosur Cup"]
[Site "Vicente Lopez"]
[Date "2005.07.24"]
[Round "10"]
[White "Valerga, Diego"]
[Black "Rodriguez Vila, Andres"]
[Result "1/2-1/2"]
[WhiteElo "2499"]
[BlackElo "2523"]
[PlyCount "31"]
[EventDate "2005.07.14"]
[EventType "tourn"]
[EventRounds "11"]
[EventCountry "ARG"]
[EventCategory "8"]
[SourceTitle "CBM 107 Extra"]
[Source "ChessBase"]
[SourceDate "2005.09.01"]
[SourceVersion "1"]
[SourceVersionDate "2005.09.01"]
[SourceQuality "1"]

1. e4 e5 2. Nf3 Nf6 3. Nxe5 d6 4. Nf3 Nxe4 5. Qe2 Qe7 6. d3 Nf6 7. Bg5 Qxe2+ 8.
Bxe2 Be7 9. Nc3 O-O 10. O-O-O h6 11. Bh4 Bg4 12. h3 Bh5 13. Rhe1 Nc6 14. Bxf6
Bxf6 15. Nd5 Bd8 16. d4 1/2-1/2

[Event "Mercosur Cup"]
[Site "Vicente Lopez"]
[Date "2005.07.25"]
[Round "11"]
[White "Rodriguez Vila, Andres"]
[Black "Lafuente, Pablo"]
[Result "1-0"]
[WhiteElo "2523"]
[BlackElo "2435"]
[PlyCount "51"]
[EventDate "2005.07.14"]
[EventType "tourn"]
[EventRounds "11"]
[EventCountry "ARG"]
[EventCategory "8"]
[SourceTitle "CBM 107 Extra"]
[Source "ChessBase"]
[SourceDate "2005.09.01"]
[SourceVersion "1"]
[SourceVersionDate "2005.09.01"]
[SourceQuality "1"]

1. f4 Nf6 2. Nf3 c5 3. g3 g6 4. Bg2 Bg7 5. O-O O-O 6. d3 Nc6 7. e4 d6 8. Nc3
Rb8 9. h3 b5 10. g4 b4 11. Ne2 Nd7 12. Qe1 Ba6 13. f5 c4 14. fxg6 fxg6 15. Nf4
Nd4 16. Ng5 Ne5 17. Be3 Rxf4 18. Bxd4 Nxd3 19. Qh4 h6 20. Bxg7 hxg5 21. Qh6
Rxf1+ 22. Rxf1 Nf4 23. e5 d5 24. e6 Qb6+ 25. Kh2 Qxe6 26. Bd4 1-0

[Event "American Continental 3rd"]
[Site "Buenos Aires"]
[Date "2005.08.06"]
[Round "1"]
[White "Rodriguez Vila, Andres"]
[Black "Zukerfeld, Andres"]
[Result "1-0"]
[WhiteElo "2523"]
[BlackElo "2237"]
[Annotator "Gofshtein,L"]
[PlyCount "51"]
[EventDate "2005.08.06"]
[EventType "swiss"]
[EventRounds "11"]
[EventCountry "ARG"]
[SourceTitle "CBM 109"]
[Source "ChessBase"]
[SourceDate "2005.11.14"]
[SourceVersion "1"]
[SourceVersionDate "2005.11.14"]
[SourceQuality "1"]

1. e4 c5 2. Nf3 d6 3. d4 cxd4 4. Nxd4 Nf6 5. f3 {A rare move.White intends to
play c4 for the  Marozi system. .} e5 {black drives the knight away and
prepares the central breakthrough with d5.} 6. Bb5+ {after 6. Nb5 black can
sacrifice a pawn for good compensation.} (6. Nb5 d5 7. exd5 a6 8. N5c3 Bc5 $44)
6... Nbd7 {6...Bd7 deserves serious attention as the following games in
practice demonstrate.} (6... Bd7 $5 7. Bxd7+ Nbxd7 8. Nf5 d5 $1 $11 9. exd5 Nb6
10. O-O (10. Bg5 Qd7 11. Bxf6 $6 Qxf5 12. Bh4 Rc8 13. c3 Bc5 14. Bf2 Bxf2+ 15.
Kxf2 O-O $36 {0-1 Rantalainen,S-Berglund,R/corr 1992/MegaCorr3 (21)}) (10. Qe2
Qxd5 11. Nc3 Qe6 12. Qb5+ Nfd7 13. Ne3 Bc5 $15 {0-1 Yonathan,Y-Tseitlin,M/Tel
Aviv 1990/EXT 97 (26)}) 10... Qxd5 11. Qe1 Qe6 12. f4 (12. Ng3 Bc5+ 13. Kh1 O-O
14. Nd2 Nbd5 15. Nde4 Rac8 16. c4 Nf4 $15 {0-1 Rios,R-Evrard,H/corr 1955/
MegaCorr3 (32). (32)}) 12... e4 13. Qa5 $2 {Weiß versucht seine Eröffnung zu
rechtfertigen, gerät dabei aber nur noch stärker in den Strudel} (13. Nd4 Bc5
14. Be3 Qd7 $15) 13... Qd5 14. Qxd5 Nfxd5 15. b3 $2 (15. Re1 O-O-O 16. Rxe4 g6
17. Ng3 f5 18. Re2 Bd6 $17) 15... g6 16. Bb2 (16. Ne3 Bc5 17. Kf2 Nxf4 $19)
16... gxf5 17. Bxh8 Bc5+ 18. Kh1 f6 19. c4 Ne3 {0-1 Duman,A-Georgiev,K/
Istanbul 2003/CBM 096/[Mueller,Karsten] (19)}) 7. Nf5 {in the case of 7. Nb3
black is able to reach a good position} (7. Nb3 d5 8. exd5 a6) 7... d5 $5 {
an intresting pawn sacrafice giving black good counterplay as well as freeing
black's minor pieces. another idea is immediatly 7...a6, also providing black
with counterplay.} (7... a6 $5 8. Bxd7+ (8. Ba4 d5 9. exd5 b5 10. Bb3 Nb6) 8...
Qxd7 9. Bg5 d5 10. Bxf6 gxf6 $132) 8. exd5 a6 9. Ba4 {black recieves a good
position after the exchange on d7.} (9. Bxd7+ Qxd7 10. Ne3 b5 11. O-O (11. a4
Bb7 12. axb5 axb5 13. Rxa8+ Bxa8 $132 {Delithanasis,D-Mainka,R/Ano Liosia op
1995/1/2-1/2 (61)}) 11... Bb7 12. Nc3 b4 13. Ne4 Nxd5 $132 {Bezgodov,A-Vaulin,
A/Moscow/1995/0,5/17/ (18)}) 9... b5 (9... Qa5+ $2 10. Nc3 b5 11. Bb3 Nc5 12.
Qe2 $16) 10. Bb3 Nb6 11. Ne3 {'<=>' Rechlis,G.} Bb7 12. Nc3 Bc5 {after a
series of natural moves its is visible black recieved good compensation for
the pawn.} 13. Qd3 {as the following game demonstrates 13. Nf5 gives black
good play.} (13. Nf5 {Foguelman,A-Reshevsky,S/Buenos Aires/1960/0:1/39/} g6 (
13... O-O 14. Bg5 $2) 14. Ng7+ Kf8 15. Bh6 Kg8 16. Qd2 b4 17. Ne2 a5 $36) 13...
O-O 14. Ne4 Rc8 $6 {better for black would have been a diffrent variation.} (
14... Nxe4 $5 15. fxe4 a5 $5 16. c3 (16. Qxb5 $1 Qh4+ $44) (16. a3 a4 $5 (16...
Bxe3 $6 17. Bxe3 $16 {1-0 Liiva,R-Krupenski,Y/Tallinn 1999/EXT 2000 (34)}) 17.
Ba2 b4 $44) 16... a4 17. Bd1 f5 $1 18. Nxf5 Rxf5 19. exf5 e4 $44) (14... Bxe3
$1 15. Nxf6+ Qxf6 16. Bxe3 Rad8 $44) 15. Nxc5 Rxc5 16. O-O {better for white
would have been 16.d6 as the following game demonstrates.} (16. Bd2 Nbxd5 17.
O-O-O Qc7 $132) (16. d6 $5 Nbd5 17. Nxd5 Nxd5 18. Bd2 Qh4+ 19. g3 Qf6 20. O-O-O
$16 {1-0 Liiva,R-Tyomkin,D/Holon 1995/EXT 97 (29)}) 16... Nbxd5 (16... Nfxd5
17. Nxd5 Nxd5 18. Rd1 Qc7 19. c3 e4 20. fxe4 Nf6 21. Qd6 $14 {1-0 Rodriguez,
A-Cubas,J/Buenos Aires 2003/CBM 097 ext (32)}) 17. Rd1 Qa8 {it seems 17... Qc7
was a better choice for black.} (17... Qb6 18. Nxd5 Nxd5 (18... Rxd5+ 19. Be3
Rxd3 20. Bxb6 Rxd1+ 21. Rxd1 $14) 19. Be3 Nxe3 20. Qxe3 Qc7 21. Rd2 $14 e4 (
21... Bc8 22. Rad1 h6) 22. fxe4 Re5 23. Rd4 $14 {1/2-1/2 Rodriguez,A-Herrera,I/
Linares 1997/CBM 058/[Rechlis,G] (34)}) (17... Qc7 $5 18. Nxd5 Bxd5 19. c3 Bxb3
20. axb3 Rd5 $132 {1/2-1/2 Gvetadze,S-Matnadze,A/Tbilisi 2001/EXT 2004 (51)})
18. Nxd5 Nxd5 {also after 18.Bxd5 white has a better game.} (18... Bxd5 19. Be3
Bc4 20. Qc3 Rd5 21. Bxc4 bxc4 22. Qxc4) 19. Be3 e4 {black tries to complicate
things, for in normal circumstances white has a clear advantage.} (19... Nxe3
20. Qxe3 Qc8 21. Rd6 $16) 20. Qxe4 Re8 21. Bxc5 {white siezs the oppertunity
to exchange a queen for two rooks and generate a winning position with highly
active pieces dominating the battle.} (21. Qxe8+ Qxe8 22. Bxc5 $18) 21... Rxe4
22. fxe4 Nc7 23. Rd7 $18 Ne6 24. Bxe6 fxe6 25. Rad1 Bc8 26. Rc7 {black resigns
for he cannot prevent the rook on the d-file from deliviring a desicive attack
by invading the 7th or 8th rank.} 1-0

[Event "American Continental 3rd"]
[Site "Buenos Aires"]
[Date "2005.08.12"]
[Round "7"]
[White "Rodriguez Vila, Andres"]
[Black "Shabalov, Alexander"]
[Result "1-0"]
[WhiteElo "2523"]
[BlackElo "2593"]
[Annotator "Mueller,Karsten"]
[PlyCount "133"]
[EventDate "2005.08.06"]
[EventType "swiss"]
[EventRounds "11"]
[EventCountry "ARG"]
[SourceTitle "CBM 109"]
[Source "ChessBase"]
[SourceDate "2005.11.14"]
[SourceVersion "1"]
[SourceVersionDate "2005.11.14"]
[SourceQuality "1"]

1. e4 c5 2. Nf3 Nc6 3. d4 cxd4 4. Nxd4 d6 5. Nc3 e5 6. Ndb5 a6 7. Na3 Nf6 8.
Bg5 Be7 9. Nd5 b5 10. c3 Bb7 11. Bxf6 Bxf6 12. Nc2 O-O 13. a4 bxa4 14. Rxa4 a5
15. Nce3 Bg5 16. Nf5 g6 17. h4 Be7 18. Nh6+ Kg7 19. Qd2 Bc8 20. Rc4 Bd7 21.
Nxe7 Qxe7 22. h5 Rac8 23. Be2 Be6 24. Ra4 g5 25. Nf5+ Bxf5 26. h6+ Kh8 27. exf5
Rfd8 28. Bf3 d5 29. Bxd5 Nd4 30. O-O Nxf5 31. Rxa5 Rd6 32. Rfa1 Nxh6 33. Ra8
Rxa8 34. Rxa8+ Kg7 35. c4 Nf5 36. c5 Rd7 37. c6 Rd6 38. Qa5 Nd4 39. c7 Rxd5 40.
Rg8+ Kf6 41. Qa6+ Rd6 42. c8=Q Rxa6 43. Qxa6+ Ne6 44. Qc6 Qb4 45. Qf3+ Nf4 46.
g3 Qe1+ 47. Kh2 e4 48. Qc3+ Qxc3 49. bxc3 Nd3 50. Kg2 h5 51. Rh8 h4 52. gxh4
gxh4 53. Rxh4 Ke5 54. Rh8 f5 55. Rd8 f4 56. c4 Ke6 57. Re8+ Kf5 58. Re7 f3+ 59.
Kg3 Nc1 60. c5 Ne2+ 61. Kh4 Nd4 62. Re8 Kf4 63. Kh5 Kf5 64. Kh4 Ne6 65. c6 (65.
Rxe6 Kxe6 66. Kg3 Kd5 67. Kf4 Kd4 68. c6 Kd3 69. c7 e3 70. c8=Q exf2 71. Qa6+
$18 {with a banal win. In the game there was a pretty finish. gewann profan.
In der Partie folgt ein hübsches Finale.}) 65... e3 66. c7 $1 e2 (66... Nxc7
67. Rxe3 Kf4 68. Re7 Nd5 69. Rf7+ Ke4 70. Kg4 $18) (66... exf2 67. c8=Q f1=Q
68. Qxe6+ $18) 67. Rxe6 (67. Rxe6 Kxe6 68. c8=Q+ Kd5 69. Qc3 $18) 1-0

[Event "Villa Martelli Ann 50th"]
[Site "Villa Martelli"]
[Date "2005.08.17"]
[Round "1"]
[White "Rodriguez Vila, Andres"]
[Black "Leitao, Rafael Duailibe"]
[Result "0-1"]
[WhiteElo "2523"]
[BlackElo "2598"]
[Annotator "Lukacs,P"]
[PlyCount "84"]
[EventDate "2005.08.17"]
[EventType "tourn"]
[EventRounds "10"]
[EventCountry "ARG"]
[EventCategory "13"]
[SourceTitle "CBM 109"]
[Source "ChessBase"]
[SourceDate "2005.11.14"]
[SourceVersion "1"]
[SourceVersionDate "2005.11.14"]
[SourceQuality "1"]

1. e4 c6 2. d4 d5 3. Nd2 dxe4 4. Nxe4 Bf5 5. Ng3 Bg6 6. Bc4 {The B is not
particularly well-placed here, but sometimes there is a sacrifice on e6 after
Nf4.} (6. h4 {is considered to be the main line.}) 6... e6 7. N1e2 Nf6 8. O-O {
This simple development strategy doesn't yield White a real advantage. The B
on c4 is not particularly dangerous, while Black is not afraid of exchanging
his B after Nf4xg6.} Nbd7 (8... Bd6) 9. f4 $5 {/\ f5, but it is not easy to
realize.} Nb6 (9... Bf5 10. Nxf5 exf5 11. Ng3 (11. Qd3 $6 {This only provokes
what Black wants to do anyway.} Nb6 (11... g6 $2 {immediately runs into} 12.
Qb3 $18) 12. Bb3 g6 13. Ng3 {The N is very passive here, but >< e4 has to be
defended.} (13. c4 Bg7) 13... Be7 $1 (13... Bd6 {is only a loss of a tempo
after} 14. Re1+ Be7 (14... Kf8 15. c4 Nbd7 16. Bd2 Kg7 17. Qf3 h5 18. Bc2 Nb6
19. b3 h4 20. Nf1 $14) 15. c4 O-O 16. Bd2 Nc8) 14. Bd2 O-O 15. c4 Nc8 $1 {
heading towards >< e4.} 16. Rae1 (16. Bc2 {is also met by} Nd6) 16... Nd6 17.
Bc3 Re8 18. Re5 Bf8 (18... Nde4 19. Nxe4 Nxe4 20. Re1 Qd7 $13) 19. c5 (19. Rxe8
Qxe8 20. Re1 Nde4 {and the N is excellent on e4.}) 19... Nde4 $13 {
Minasian-Asrian, Yerevan 2000 CBM 079}) 11... g6 12. Re1+ Be7 13. Qe2 $1 {
at least causing some problems on the e <->.} Kf8 14. c3 $5 (14. b3 $6 {
allows Black to eliminate White's ^^.} Bb4 15. Bd2 (15. Bb2 $2 {clearly
overestimates White's chances.} Bxe1 16. Rxe1 Kg7 17. Qe7 Nd5 $19 {Knorr-Izeta
Txabarri, Euskadi-ch 1995}) 15... Bxd2 16. Qxd2 Kg7 17. Re2 h5 $13)) (9... Bd6
{allows White's main idea to open up the position for his bishops.} 10. f5 $1
exf5 11. Nxf5 Bxf5 12. Rxf5 Qc7 (12... O-O 13. Qd3 $14) 13. Bf4 (13. Ng3 $6 {
puts the N into a delicate situation.} O-O (13... Nb6 {is less precise in view
of} 14. Qe2+ $1 Qe7 15. Bg5 Qxe2 16. Bxe2 Nfd5 17. c4 Ne7 18. Rf3 $16 {^^,
Madl-Johansson, Manila ol (Women) 1992}) 14. Rf3 Rae8) 13... O-O 14. Bxd6 Qxd6
15. Ng3 $14 {with some similarities to a King's Gambit position!}) 10. Bd3 (10.
Bb3 {Here the B is out of play if White cannot breakthrough via f4-f5.} Qd7 (
10... Bf5 {This structure is not so bad as it looks like at first sight.} 11.
Nxf5 exf5 12. Ng3 g6 {killing the N on g3.} 13. Re1+ Be7 14. Qe2 Kf8 {is too
greedy because of} (14... Qxd4+ $2 {is too greedy because of} 15. Be3 Qd6 16.
Rad1 $18) 15. a4 (15. c3 Bd6 (15... h5 $5)) (15. c4 $6 {is bravely answered by}
Qxd4+ $1 (15... Qd7 {allows White to build up some pressure on the diagonals.}
16. Bd2 h5 17. Qe5 Re8 18. Bc3 Kg7 19. Qa5 h4 20. Nh1 Ne4 21. Nf2 (21. Qxa7
Nxc3 22. bxc3 Nc8 23. Qa4 Bd6 $44) 21... Nxf2 22. Kxf2 Bf6 23. d5 Bxc3 24.
Qxc3+ f6 {(Putzbach-Fette, Hamburg-ch 1991)} 25. Rad1 $14) 16. Be3 Qd7 17. Rad1
Qc7 18. Bd4 Rd8 $1 19. Qxe7+ (19. Be5 Qc8 20. Rxd8+ Qxd8 21. Rd1 Nbd7 {and
Black can hold his position.}) 19... Qxe7 20. Rxe7 Kxe7 $1 (20... Rxd4 21. Rxb7
Rxd1+ 22. Bxd1 $16 {is a much better _|_ for White.}) 21. Re1+ Ne4 22. Bxh8
Rxh8 23. Nxe4 fxe4 24. Rxe4+ Kd6 $11 {and the _|_ is equal.}) 15... a5 16. Bd2
h5 17. Rad1 h4 18. Nh1 Ne4 19. Bc1 Nd5 {invading all the central squares.} 20.
Nf2 Nxf2 21. Qxf2 Kg7 22. h3 Qc7 $13 {and White's dark-squared B remains
passive, Colas-Garcia Palermo, Ibercaja op Zaragoza 1992.}) 11. a4 a5 12. Qe1
Be7 13. Bd2 Nbd5 14. f5 exf5 15. Bxa5 O-O 16. Bd2 Ne4 {with a strong pressure
in the [+], Rovid-Baranyai, HUN-chT2 1997.}) 10... Bxd3 11. Qxd3 g6 {against
f5 and the N on g3.} 12. b3 (12. f5 $2 gxf5 13. Nxf5 exf5 $17 {is simply not
correct, see Khachian-Asrian, ARM-ch Yerevan 1999 CBM 74.}) 12... Bg7 {[#]} (
12... Nbd5 13. c4 Ne7 14. Ba3 (14. Bb2 {(1/2:1/2 Morozevich-Dreev, Cup Russia
Final 1998)} Bg7 15. Rad1 O-O {White's central advantage is not relevant,
because he hardly can advance.} 16. Nc3 Qa5 17. a3 Rad8 18. b4 {From now on
White has to prevent b7-b5 attacking >< c4.} Qc7 19. Qf3 Rd7 20. Rd2 Rfd8 21.
Rfd1 Nc8 $13 {Garcia Fernandez-Magem Badals, Pamplona 2003}) 14... Bg7 (14...
Nf5 15. Bxf8 Kxf8 {/\ Kg7 bringing the K into safety.} 16. Nxf5 exf5 {White
now has the virtual P majority, but the weakness of e4 gives Black some
counterplay.} 17. Nc3 Kg7 18. Rad1 Qb6 19. c5 Qb4 20. Nb1 Rae8 21. Nd2 Re6 22.
Nc4 Ne4 23. a3 Qb5 24. b4 b6 25. Qb3 $14 {A.Rodriguez-Valerga, Vicente Lopez
2004}) 15. Rad1 O-O $13) 13. f5 $1 {This is a nice thematic breakthrough with
the idea of a positional piece sacrifice.} (13. Ba3 Qc7 {/\ 0-0-0}) 13... O-O
$1 {Black ignores the sacrifice and not without reason!} (13... gxf5 14. Nxf5
$1 {This is the point!} exf5 15. Ng3 $3 {The main idea is to put a N on f5,
which will settle things itself.} O-O 16. Nxf5 Nbd7 17. Qg3 Nh5 18. Qh3 $40)
14. fxe6 fxe6 {White has created a weakness on e6.} 15. Ba3 $6 {This helps
only for Black to prepare the freeing move e5.} (15. Bb2 $14) 15... Re8 16.
Rad1 (16. Bb2 {is also met by} e5 $1 17. dxe5 Ng4 18. Qf3 Nxe5 $11) 16... e5 $1
{Black can get rid of his structural weakness.} 17. dxe5 (17. c4 exd4 18. Nxd4
Ng4 $11) 17... Qxd3 18. Rxd3 Ng4 {The e5 P will fall anyway.} (18... Nfd7 19.
e6 Rxe6 $11) 19. Ne4 $4 {[%mdl 8192] This is a big blunder.} (19. c4 Nxe5 20.
Rd2 $11) 19... Nxe5 20. Rd2 {[#]} Nec4 $1 $19 {Whoops! Black wins a P and the
game in the _|_.} 21. bxc4 Rxe4 22. Ng3 Rxc4 {The rest is easy.} 23. Re2 Nd5
24. Rf3 Ra4 25. Rb3 b5 26. h3 b4 27. Bb2 Rxa2 28. Bxg7 Kxg7 29. c4 Ra1+ 30. Kh2
Nc3 31. Re7+ Kf6 32. Rxh7 a5 33. Rc7 Ra6 34. Rb2 Ke5 35. Rd2 Rd1 36. Re7+ Kf6
37. Rxd1 Kxe7 38. Re1+ Kd6 39. Nf1 b3 40. Nd2 b2 41. h4 a4 42. c5+ Kd5 0-1

[Event "Mario Covas 5th"]
[Site "Santos"]
[Date "2005.09.27"]
[Round "2"]
[White "Rodriguez Vila, Andres"]
[Black "Milos, Gilberto"]
[Result "1-0"]
[WhiteElo "2523"]
[BlackElo "2606"]
[PlyCount "73"]
[EventDate "2005.09.26"]
[EventType "schev"]
[EventRounds "6"]
[EventCountry "BRA"]
[SourceTitle "CBM 108 Extra"]
[Source "ChessBase"]
[SourceDate "2005.11.04"]
[SourceVersion "1"]
[SourceVersionDate "2005.11.04"]
[SourceQuality "1"]

1. e4 c5 2. Nf3 Nc6 3. d4 cxd4 4. Nxd4 Nf6 5. Nc3 d6 6. f3 e6 7. Be3 Be7 8. Qd2
O-O 9. g4 a6 10. O-O-O Nxd4 11. Qxd4 b5 12. h4 Qa5 13. g5 b4 14. Ne2 Nd7 15.
Kb1 e5 16. Qd2 Nc5 17. Nc1 Be6 18. Bh3 Qc7 19. h5 Bxh3 20. Rxh3 Ne6 21. g6 Rac8
22. Rg1 Bf6 23. Nd3 a5 24. Nf2 fxg6 25. hxg6 hxg6 26. Rxg6 Kf7 27. Rg1 Rh8 28.
Rxh8 Rxh8 29. Ng4 Qc6 30. Rd1 Be7 31. Qf2 a4 32. f4 exf4 33. Bxf4 Kg8 34. Qf3
a3 35. Bc1 Rh4 36. Qf5 Qc4 37. Re1 1-0

[Event "Sao Paulo Itau Cup 9th"]
[Site "Sao Paulo"]
[Date "2005.10.10"]
[Round "9"]
[White "Vescovi, Giovanni P"]
[Black "Rodriguez Vila, Andres"]
[Result "0-1"]
[WhiteElo "2646"]
[BlackElo "2479"]
[PlyCount "76"]
[EventDate "2005.10.01"]
[EventType "swiss"]
[EventRounds "9"]
[EventCountry "BRA"]
[SourceTitle "CBM 108 Extra"]
[Source "ChessBase"]
[SourceDate "2005.11.04"]
[SourceVersion "1"]
[SourceVersionDate "2005.11.04"]
[SourceQuality "1"]

1. d4 f5 2. Nf3 Nf6 3. g3 d6 4. Bg2 g6 5. O-O Bg7 6. c4 O-O 7. Nc3 Nc6 8. d5
Ne5 9. Nxe5 dxe5 10. e4 f4 11. b4 g5 12. a4 g4 13. f3 gxf3 14. Qxf3 fxg3 15.
Qxg3 Nh5 16. Rxf8+ Qxf8 17. Qf2 Nf4 18. Nb5 Bg4 19. Be3 Qf6 20. Re1 Rf8 21.
Bxf4 exf4 22. Bf3 Bxf3 23. Qxf3 a6 24. Na3 Qb6+ 25. Kf1 Kh8 26. e5 Qd4 27. Re4
Qd2 28. Re2 Qd1+ 29. Kg2 Bxe5 30. Kh3 Rf6 31. Qh5 Qd3+ 32. Kh4 Rh6 33. Qxh6
Bf6+ 34. Kg4 Qxe2+ 35. Kf5 Kg8 36. Qxf4 Qd3+ 37. Ke6 Qxa3 38. Qg3+ Qxg3 0-1

[Event "Mar del Plata op 37th"]
[Site "Mar del Plata"]
[Date "2006.04.08"]
[Round "1"]
[White "Rodriguez Vila, Andres"]
[Black "Acosta, Mariano2"]
[Result "1-0"]
[WhiteElo "2502"]
[BlackElo "2126"]
[PlyCount "49"]
[EventDate "2006.04.08"]
[EventType "swiss"]
[EventRounds "9"]
[EventCountry "ARG"]
[SourceTitle "CBM 111 Extra"]
[Source "ChessBase"]
[SourceDate "2006.05.09"]
[SourceVersion "1"]
[SourceVersionDate "2006.05.09"]
[SourceQuality "1"]

1. e4 Nf6 2. d3 e5 3. f4 Nc6 4. Nf3 d5 5. exd5 Qxd5 6. Nc3 Bb4 7. fxe5 Nxe5 8.
Qe2 O-O 9. Nxe5 Re8 10. Bf4 Nd7 11. O-O-O Bxc3 12. bxc3 Nxe5 13. d4 Bg4 14.
dxe5 Qe6 15. Qc4 Bxd1 16. Qxe6 fxe6 17. Kxd1 Rad8+ 18. Kc1 Rf8 19. Bg3 h6 20.
Bc4 Kf7 21. h4 g6 22. Bf4 Rh8 23. Rf1 Ke7 24. Be3 b6 25. Rf6 1-0

[Event "Mar del Plata op 37th"]
[Site "Mar del Plata"]
[Date "2006.04.09"]
[Round "2"]
[White "Martinez, Matias"]
[Black "Rodriguez Vila, Andres"]
[Result "0-1"]
[WhiteElo "2167"]
[BlackElo "2502"]
[PlyCount "54"]
[EventDate "2006.04.08"]
[EventType "swiss"]
[EventRounds "9"]
[EventCountry "ARG"]
[SourceTitle "CBM 111 Extra"]
[Source "ChessBase"]
[SourceDate "2006.05.09"]
[SourceVersion "1"]
[SourceVersionDate "2006.05.09"]
[SourceQuality "1"]

1. e4 e6 2. d3 d5 3. Qe2 Nf6 4. Nf3 dxe4 5. dxe4 Bc5 6. Bg5 h6 7. Bxf6 Qxf6 8.
e5 Qe7 9. Nbd2 O-O 10. Qe4 Nc6 11. Bd3 f5 12. exf6 gxf6 13. c3 f5 14. Qf4 Kh7
15. Ne5 Bxf2+ 16. Qxf2 Nxe5 17. Bc2 Ng4 18. Qf3 Qg5 19. O-O-O e5 20. Rde1 Rd8
21. Re2 e4 22. Qg3 Be6 23. h3 Nf6 24. Qxc7+ Rd7 25. Qe5 Re8 26. g4 Bc4 27. h4
Qxd2+ 0-1

[Event "Mar del Plata op 37th"]
[Site "Mar del Plata"]
[Date "2006.04.12"]
[Round "6"]
[White "Hungaski, Robert Andrew"]
[Black "Rodriguez Vila, Andres"]
[Result "1-0"]
[WhiteElo "2400"]
[BlackElo "2502"]
[PlyCount "47"]
[EventDate "2006.04.08"]
[EventType "swiss"]
[EventRounds "9"]
[EventCountry "ARG"]
[SourceTitle "CBM 111 Extra"]
[Source "ChessBase"]
[SourceDate "2006.05.09"]
[SourceVersion "1"]
[SourceVersionDate "2006.05.09"]
[SourceQuality "1"]

1. e4 d6 2. d4 g6 3. Nc3 Nd7 4. f4 Bg7 5. Nf3 a6 6. e5 Nh6 7. Be3 O-O 8. Ne4 b5
9. Bd3 Nb6 10. O-O Nd5 11. Bd2 c5 12. dxc5 dxc5 13. Nxc5 Qb6 14. b4 a5 15. a3
f6 16. Qe2 fxe5 17. Be4 Bb7 18. fxe5 axb4 19. axb4 Rxa1 20. Rxa1 Ng4 21. h3 Nh6
22. Ra5 Bc6 23. Nd4 Bxe5 24. Bxd5+ 1-0